Statistics for Leaders of South Korea and North Korea

Click here to take the quiz!

General Stats

  • This quiz has been taken 24 times
  • The average score is 9 of 24

Answer Stats

Name% Correct
Kim
95%
Jong-un
81%
Jong-il
76%
Park
71%
Il-sung
67%
Moon
67%
Rhee
62%
Lee
48%
Jae-in
43%
Syngman
33%
Yun
29%
Chun
29%
Geun-hye
24%
Roh
19%
Chung-hee
19%
Young-sam
19%
Tae-woo
14%
Dae-jung
14%
Moo-hyun
14%
Doo-hwan
14%
Myun-bak
14%
Kyu-hah
14%
Choi
14%
Bo-seon
10%

Score Distribution

Percentile by Number Answered

Percent of People with Each Score

Your Score History

You have not taken this quiz